| 000 | 00787 a2200217 4500 | ||
|---|---|---|---|
| 999 |
_c2291 _d2291 |
||
| 020 | _a0801309808 | ||
| 050 | 0 | 0 | _aLB1028GAL1996 |
| 100 | 1 |
_aGall, Meredith D., _d1942- |
|
| 245 | 1 | 0 |
_aEducational research : _ban introduction / _cMeredith D. Gall, Walter R. Borg, Joyce P. Gall. |
| 250 | _a6th ed. | ||
| 264 |
_a Boston, Mass : _bPearson, _c, 2007. |
||
| 300 |
_axxii, 788 p. : _bill. ; |
||
| 500 | _aBorg's name appears first on the earlier edition. | ||
| 504 | _aIncludes bibliographical references and indexes. | ||
| 650 | 0 |
_aEducation _xResearch. |
|
| 650 | 0 |
_aEducation _xResearch |
|
| 700 | 1 | _aBorg, Walter R. | |
| 700 | 1 | _aGall, Joyce P. | |
| 942 |
_2lcc _cBK _h1028 _iGAL _kLB |
||